01211nam a2200325Ia 4500001000800000003000500008005001700013008004100030010001100071040000900082082002300091245010200114260008400216300001500300440003100315504002800346590001900374650003600393650004000429650003700469650005000506700003500556700003900591901002300630902000600653905006300659942001500722999001900737952012900756dia_197CHAP20251203090804.0220117s1954 xx 000 0 und d a177707 cCHAP a633.10468 S76 1954 aStorage of cereal grains and their products /c edición John Ansel Anderson y Alfred W. Alcock aEstados Unidos de América :b American Association of Cereal Chemists,c1954 aix, 515 p. aAACC monograph series9122 aIncluye bibliografías aSB190 S76 1954 aGrain productsxStorage9153562 0aGrainsxStorage zMéxico9153563 aGranosxAlmacenamiento 9147136 aProductos de granosxAlmacenamiento 9153564 aAlcock, Alfred W., ed.9161929 aAnderson, John Ansel, ed. 9161930 a633.10468 S76 1954 aA a5232271954 -usadmn8222223322eng16 cLIBRO2ddc c177707d177707 00102ddc40708GRALaIA_bIA_d2022-01-18f1l0o633.10468 S76 1954pdia_010396r2022-01-18 00:00:00t1w2022-01-18yLIBRO